00398 2200157 4500001002100000005001500021035002000036245002900056100001800085300003000103260004800133082000800181084001400189020002200203990001500225INLIS00000000000327020251203105257 a0010-12250000911 aConfess /cKarissa Aisha0 aKarissa Aisha a170 hlm ;c12,5 x 19,5 cm aJakarta :bPT. Elex Media Komputindo,c2025 a813 a813 KAR c a978-623-00-6936-9 a19745/B/26